Understanding architecture (Record no. 36723)

MARC details
000 -LEADER
fixed length control field 00458nam a2200193Ia 4500
020 ## - INTERNATIONAL STANDARD BOOK NUMBER
ISBN 9780813349039
050 ## - CALL MARK
Classification number NA 2500 .R68/
100 ## - STATEMENT OF RESPONSIBILITY--MAIN AUTHOR NAME
Personal name Roth, Leland M.
245 #0 - TITLE STATEMENT
Title Understanding architecture
250 ## - EDITION / VOLUME STATEMENT
Edition / Volume statement 3rd ed.
260 ## - PUBLICATION, DISTRIBUTION, ETC. (IMPRINT)
Place of publication Oxon
260 ## - PUBLICATION, DISTRIBUTION, ETC. (IMPRINT)
Name of publisher Routledge
260 ## - PUBLICATION, DISTRIBUTION, ETC. (IMPRINT)
Year of publication 2018
300 ## - PHYSICAL DESCRIPTION
Number of Pages 745 p
650 ## - SUBJECT ADDED ENTRY--TOPICAL TERM
Topical Term Architecture. Architecture--History.
942 ## - ADDED ENTRY ELEMENTS (KOHA)
Koha item type Books
Holdings
Withdrawn status Lost status Source of classification or shelving scheme Damaged status Not for loan Permanent Location Current Location Shelving location Date acquired Accession Number Price effective from Koha item type
    Library of Congress Classification     NILE UNIVERSITY OF NIGERIA - MAIN LIBRARY NILE UNIVERSITY OF NIGERIA - MAIN LIBRARY Items on shelf 04/23/2025 0196518 04/23/2025 Books